=LDR 00000nam 2200000 4500 =001 INLIS000000000036116 =005 20130612141923 =008 ***********************************Ind** =035 ##$$0010-061300000036116 =041 ##$$a Ind =082 ##$$a 028.5 =090 ##$$a 028.5, Seu b =100 ##$$a Seung-Jin Lee =245 ##$$a Beri aku dua maka kau tak kan kumakan, Jin Lee Saung ; alih bahasa, Rosi L. Sinamono =260 ##$$a 2010 $b Jakarta =300 ##$$a 31 hlm, ilus, 23 cm =650 ##$$a bacaan kanak-kanak =700 ##$$a Simamora, Rosi L =850 ##$$a NBPNMAT